000 00586nam a22001937a 4500
005 20250321144529.0
010 _aENG-144175
020 _a9789383445431
_c1215.00
035 _aEN-127707
037 _bDBAD
082 _a954.11
_21
100 _aGupta, Sisir
_979816
245 _aKashmir:
_cSisir Gupta
_bStudy in india - pakistan relations/
250 _a1
260 _aNew delhi
_bIndian council of world affairs
_c2020
270 _aSapru house, barakhamba road
_bNew delhi
_e110001
300 _axv.511p.
_c 23.5cm(Hb)
942 _2ddc
_cEN
_h954.11
_mGUP
_e1
999 _c210421
_d210421